Investigación ética: manual del profesor para acompañar a Lisa. Capítulo III

Saved in:
Bibliografiske detaljer
Hovedforfatter: Sharp, Ann Margaret (Author)
Format: Bog
Sprog:spansk
Udgivet: Madrid De la Torre 1988
Serier:Proyecto Didáctico Quirón. Programa Filosofía para Niños
Fag:
Tags: Tilføj Tag
Ingen Tags, Vær først til at tagge denne postø!

MARC

LEADER 00000nam a2200000 a 4500
001 UCN1809
003 CL-VaPUC
008 010504e19880000SP |||||||||||||||||spa|d
082 0 4 |a 808.0683  |b LIP  |2 21 
700 0 |a Sharp, Ann Margaret  |e author  |9 457190 
245 1 0 |a Investigación ética: manual del profesor para acompañar a Lisa. Capítulo III 
300 |a pág. irreg 
942 |c BK 
945 |d 20010504 00:00:00  |a cmena 
260 |a Madrid  |b De la Torre  |c 1988 
500 |a En forma separada texto: Lisa 
500 |a Capítulo III incluye: Episodio 5: La cena en casa de los Jahorski. Episodio 6: Kio se cae por las escaleras. Episodio 7: El señor Spence recibe una amonestación 
650 0 |a Literatura infantil   |9 307465 
650 7 |a FILOSOFIA PARA NIÑOS  |2 CL-VaPUC  |9 457191 
650 0 |a Métodos de enseñanza  |9 270413 
583 |a last modification  |c 20010504 00:00:00  |k Rodrigo Vera 
490 0 |a Proyecto Didáctico Quirón. Programa Filosofía para Niños 
999 |c 295034  |d 295032 
952 |0 0  |1 0  |4 0  |6 808_068300000000000_LIP_1988  |7 0  |8 P  |9 347902  |a BIBEDU  |b BIBEDU  |c BIBEDU_PB  |d 2019-11-20  |i 3698831  |o 808.0683 LIP 1988  |p 3698831  |r 2024-01-25  |w 2019-11-20  |y BK  |k EPE 
952 |0 0  |1 0  |4 0  |6 808_068300000000000_LIP_1988  |7 0  |8 P  |9 347903  |a BIBEDU  |b BIBEDU  |c BIBEDU_PB  |d 2019-11-20  |i 3723607  |o 808.0683 LIP 1988  |p 3723607  |r 2024-01-25  |w 2019-11-20  |y BK  |k EPE